Normal view
MARC view
- Literature - Arab Poet
Entry Topical Term
001 - CONTROL NUMBER
- control field: 3656
003 - CONTROL NUMBER IDENTIFIER
- control field: JO-AjAnu
005 - DATE AND TIME OF LATEST TRANSACTION
- control field: 20230606070912.0
008 - FIXED-LENGTH DATA ELEMENTS
- fixed length control field: 230606|| aca||aabn | a|a d
040 ## - CATALOGING SOURCE
- Original cataloging agency: JO-AjAnu
- Transcribing agency: JO-AjAnu
150 ## - HEADING--TOPICAL TERM
- Topical term or geographic name entry element: Literature - Arab Poet
670 ## - SOURCE DATA FOUND
- Source citation: Work cat.: (JO-AjAnu)1906: selected by: Radwan,Abdullah ؛ Translated By: Sadik I.Odeh, author 3655, Arar: The Poet and Lover Of Jordan